Cronistas do século XV posteriores a Fernão Lopes (Registo nº 201976)

Detalhes MARC
000 -Etiqueta do registo
Valores 00629nam 22001933 4500
100 ## - Dados gerais de processamento
Dados gerais 20260427d u||y0pory50 ba
200 ## - Titulo e menção de responsabilidade
Título próprio Cronistas do século XV posteriores a Fernão Lopes
Primeira menção de responsabilidade Joaquim Veríssimo Serrão
205 ## - Menção da edição
Edição
210 ## - Publicação
Local de publicação [Lisboa]
Nome do editor Instituto de Cultura Portuguesa
Data de publicação 1977
215 ## - Descrição física 
Paginação / Volumes 87, [5] p.
Outras indicações físicas brochado
Dimensões 20 cm
225 ## - Colecção 
Título próprio da colecção Biblioteca breve. Série literatura
606 ## - Nome comum usado como assunto
ID Autoridade 3661
Palavra de ordem Crítica Literária.Estudos Literários
675 ## - CDU
Notação 82.09
Edição PT
Língua por
700 ## - Autor principal (pessoa individual)
ID Autoridade 6490
Apelido Serrão
Nome Joaquim Veríssimo
Datas 1925-2000
801 ## - Fonte de origem
País PT
Agência BMMN
Regras de catalogação RPC
830 ## - Notas gerais do catalogador
Criado por Vanda
990 ## - Elementos KOHA
Tipo de documento Livro
Exemplares
Situação do levantamento Biblioteca de origem Código de barras Cota Permissão de empréstimo Tipo de documento Forma de aquisição
  Biblioteca Municipal de Montemor-o-Novo 31377 82.09 SER|DEP   Livro Compra

Powered by Koha